| 000 | 01617nab a22003137a 4500 | ||
|---|---|---|---|
| 999 |
_c5331 _d5331 |
||
| 003 | OSt | ||
| 005 | 20250221114144.0 | ||
| 008 | 190603e xxum|||| |||| 00| 0 spa d | ||
| 040 | _cPJ-TDF | ||
| 100 |
_96269 _aArias Cáu, Esteban Javier |
||
| 245 | 1 | 3 |
_aEl contrato de larga duración como categoría contractual / _cEsteban Javier Arias Cáu. |
| 260 |
_cCiudad Autónoma de Buenos Aires : _aThomson Reuters La Ley, _b2024. |
||
| 300 | _ap. 127-141 | ||
| 500 | _aCita: TR LALEY AR/DOC/1987/2024. Publicado en: R.C.C. y C. 2024 (Septiembre-Octubre). EDICIÓN ESPECIAL: XXIX Jornadas Nacionales de Derecho Civil. | ||
| 505 | _aSumario: I. Introducción.— II. El contrato como instrumento técnico.— III. Larga duración como nueva categoría contractual.— IV. Análisis de la regulación legal (art. 1011, Cód. Civ. y Com.).— V. Algunos contratos de duración en particular.— VI. Prospectiva. | ||
| 505 | _t¿Te interesa el texto completo? Solicitalo al correo: koha@justierradelfuego.gov.ar | ||
| 650 | 0 |
_93463 _aCONTRATOS |
|
| 650 | 0 |
_96051 _aBUENA FE CONTRACTUAL |
|
| 650 | 0 |
_96376 _aRESCISION DEL CONTRATO |
|
| 650 | 0 |
_94308 _aCONTRATO DE AGENCIA |
|
| 650 | 0 |
_93951 _aDEBER DE INFORMACIÓN |
|
| 650 | 0 |
_91606 _aCONTRATO DE ADHESION |
|
| 650 | 0 |
_9234 _aDERECHO COMPARADO |
|
| 650 | 0 |
_9200 _aDECRETOS DE NECESIDAD Y URGENCIA |
|
| 650 | 0 |
_93597 _aLOCACIÓN DE INMUEBLES |
|
| 653 | _aCONTRATO DE LARGA DURACION | ||
| 773 | 0 |
_02713 _93170 _dCiudad Autónoma de Buenos Aires : Thomson Reuters La Ley, 2015- _tRevista Código Civil y Comercial. Nº 5 - Septiembre-Octubre 2024 |
|
| 942 |
_2udc _cANA |
||